|
|
|
|
| LEADER |
00000nam0a2200000 4500 |
| 001 |
265675 |
| 005 |
20231101233936.0 |
| 020 |
|
|
|a RU
|b 86-80298
|
| 035 |
|
|
|a (RuTPU)RU\TPU\book\288677
|
| 090 |
|
|
|a 265675
|
| 100 |
|
|
|a 20140627d1986 k y0rusy5003 ca
|
| 101 |
0 |
|
|a rus
|
| 102 |
|
|
|a RU
|
| 105 |
|
|
|a a z 001zy
|
| 200 |
1 |
|
|a Докембрийские вулканогенно-осадочные комплексы Урала
|e сборник научных трудов
|f Академия наук СССР (АН СССР), Уральский научный центр (УНЦ) ; отв. ред. В. П. Парначев
|
| 210 |
|
|
|a Свердловск
|c УНЦ АН СССР
|d 1986
|
| 215 |
|
|
|a 131 с.
|c ил.
|d 24 см
|
| 320 |
|
|
|a Библиогр. в конце статей
|
| 606 |
1 |
|
|a Горные породы, осадочные
|x Докембрий
|2 stltpush
|3 (RuTPU)RU\TPU\subj\72051
|9 85654
|
| 610 |
1 |
|
|a Урал
|
| 610 |
1 |
|
|a вулканогенно-осадочные комплексы
|
| 610 |
1 |
|
|a минерагения
|
| 610 |
1 |
|
|a литология
|
| 610 |
1 |
|
|a вендские отложения
|
| 610 |
1 |
|
|a вулканизм
|
| 610 |
1 |
|
|a Зауралье
|
| 610 |
1 |
|
|a рифей
|
| 610 |
1 |
|
|a венд
|
| 675 |
|
|
|a 552.5:551.71/.72
|z rus
|v 3
|
| 702 |
|
1 |
|a Парначев
|b В. П.
|g Валерий Петрович
|4 340
|
| 712 |
0 |
2 |
|a Академия наук СССР (АН СССР)
|b Уральский научный центр (УНЦ)
|2 stltpush
|3 (RuTPU)RU\TPU\col\3284
|
| 801 |
|
0 |
|a RU
|b RuMRKP
|c 19950704
|g psbo
|
| 801 |
|
1 |
|a RU
|b 63413507
|c 20140627
|
| 801 |
|
2 |
|a RU
|b 63413507
|c 20150924
|g RCR
|
| 942 |
|
|
|c BK
|